Najlepsi Kierowcy F1 w każdym pięcioleciu - Statystyki

Ogólne statystyki
  • Ten quiz został rozwiązany 90 razy
  • Średni wynik to 12 z 15
Statystyki odpowiedzi
Lata Odpowiedź % Poprawnych
2015-2019 Lewis Hamilton
100%
2020-2024 Max Verstappen
99%
1995-1999 Michael Schumacher
99%
2000-2004 Michael Schumacher
99%
2010-2014 Sebastian Vettel
97%
1990-1994 Ayrton Senna
96%
2005-2009 Fernando Alonso
95%
1985-1989 Alain Prost
88%
1975-1979 Niki Lauda
76%
1950-1954 Juan Manuel Fangio
74%
1965-1969 Jackie Stewart
62%
1970-1974 Jackie Stewart
62%
1980-1984 Nelson Piquet
58%
1960-1964 Jim Clark
55%
1955-1959 Stirling Moss
31%
Nie znaleziono quizów pasujących do podanych kryteriów
Rozkład punktacji
Procent ludzi z każdym wynikiem
Percentyl według liczby udzielonych odpowiedzi
Twoja historia wyników
Nie rozwiązałeś tego quizu